Feminismo de alto riesgo en Colombia

Detalles Bibliográficos
Autor principal: Zulver, Julia Margaret
Formato: eBook
Lenguaje:español
Publicado: Bogot:̀ Universidad de Los Andes (Colombia), 2022
Materias:
Acceso en línea:Acceso restringido

MARC

LEADER 00000nam a22000007a 4500
005 20221027003553.0
007 cr|||| ||||
008 221027s2022 co |||||s|||| 00||0 spa d
020 |a 978-958-798-302-9 
035 |a 37414 
040 |a vLex 
090 |c 14053  |d 14053 
100 1 |a Zulver, Julia Margaret 
245 1 0 |a Feminismo de alto riesgo en Colombia  |h [Recurso electrn̤ico] /  |c Julia Margaret Zulver 
256 |a Servicio en ln̕ea 
260 |a Bogot:̀  |b Universidad de Los Andes (Colombia),  |c 2022 
300 |a 1 recurso electrn̤ico 
506 1 |a Disponible solo en los productos indicados  |d vLex Global  |d vLex Global (Academic Edition, excluding Law Schools)  |d vLex Global (U.S. Academic Edition, Law Schools)  |d vLex Global (U.S. Academic Edition, excluding Law Schools)  |d vLex Global (Academic Edition, Law Schools) 
650 0 4 |a Derecho Pb︢lico y Administrativo  |z Colombia 
740 0 |a vLex Libros (Servicio en ln̕ea) 
856 4 0 |u https://app.vlex.com/#/sources/37414  |z Acceso restringido 
942 |c BOOK 
999 0 |a Public and Administrative Law